Title in the Lyrics - Ed Sheeran Songs - Statistics

General Stats
  • This quiz has been taken 169 times
  • The average score is 17 of 30
Answer Stats
Song Lyric % Correct
Now I know I have met an angel in person / And she looks {Perfect} / I don't deserve this / You look {Perfect} tonight
96%
I'm in love with the {Shape} {Of} {You} / We push and pull like a magnet do / Although my heart is falling too
91%
And they say / She's in the Class {A} {Team} / Stuck in her daydream / Been this way since eighteen
85%
We keep this love in a {Photograph} / We made these memories for ourselves / Where our eyes are never closing
83%
I swear I'm going to put you in a song that I write / About a {Galway} {Girl} and a perfect night / She played the fiddle in an Irish band
81%
I still remember these old country lanes / When we did not know the answers / And I miss the way / You make me feel / And it's real / When we watched the sunset over the {Castle} {On} {the} {Hill}
77%
I'm gonna pick up the pieces and build a {Lego} {House} / If things go wrong we can knock it down
72%
Oh, darling, place your head on my beating heart / I'm {Thinking} {Out} {Loud} / But maybe we found love right where we are
69%
My {Bad} {Habits} lead to late nights endin' alone / Conversations with a stranger I barely know
68%
But I guess you look {Happier}, you do / My friends told me one day I'll feel it too / I could try to smile to hide the truth / But I know I was {Happier} with you
67%
Ooh, I love it when you do it like that / And when you're close up / Give me the {Shivers} / Oh baby, you wanna dance till the sunlight cracks
67%
And all my friends have gone to find / Another place to let their hearts collide / Just promise me, you'll never leave again / 'Cause you are the only {One}
64%
{Sing}! / Oh-oh-oh-oh-oh-oh-oh-oh-oh-oh-oh-oh-oh / Oh-oh-oh-oh-oh-oh-oh-oh-oh-oh-oh-oh-oh / Louder!
63%
Just dancing with my {Eyes} {Closed} / 'Cause everywhere I look I still see you / And time is moving so slow
59%
'Cause {I} {Don}'{t} {Care} when I'm with my baby, yeah / All the bad things disappear / And you're making me feel like maybe I am somebody
57%
Now {I} {See} {Fire} / Inside the mountain / {I} {See} {Fire} / Burning the trees / And {I} {See} {Fire} / Hollowing souls
54%
She's singing / Ah lahmlahlah / {Don}'{t} **** with my love / That heart is so cold / All over my home
54%
And don't tell me you need me / If you don't believe it / So let me know the truth / Before I {Dive} right into you
49%
Fading out again/ I feel the chemicals burn in my {Bloodstream} / So tell me when it kicks in
48%
I took the {Supermarket} {Flowers} from the windowsill / I threw the day-old tea from the cup
47%
I wish that Heaven had {Visiting} {Hours} / So I could just swing by and ask your advice / What would you do in my situation?
46%
I wanna be {Drunk} when I wake up / On the right side of the wrong bed / And never an excuse I made up
44%
And I know you could fall for a thousand kings / And hearts that would give you a diamond ring / When I folded, you saw the best in me / {The} {Joker} {and} {the} {Queen}
43%
So I'm gonna put my time in / I won't stop until the angels sing / Jump in that water, be free / Come {South} {of} {the} {Border} with me
35%
'Cause you were just a {Small} {Bump} unborn / For four months then torn from life / Maybe you were needed up there / But we're still unaware as why
34%
I won't stay put, give me the chance to be free / Suffolk sadly seems to sort of suffocate me / 'Cause {You} {Need} {Me}, man, {I} {Don}'{t} {Need} {You}
31%
{Give} {Me} {Love} like never before / 'Cause lately I've been craving more / And it's been a while but I still feel the same
27%
Sweat brow dripping down when in Rome (when in Rome) / No town does it quite like my home (like my home) / So {Take} {Me} {Back} {To} {London}
26%
I am happy on my own so here I'll stay / I am happy on my own so here I'll stay And I'll find comfort in my pain {Eraser}
23%
The times I'm living in I never sleep, when trouble steals thoughts from my restless Mind for free, it could be... / The times I'm living in {Lately}.
9%
No matching quizzes found
Score Distribution
Percent of People with Each Score
Percentile by Number Answered
Your Score History
You have not taken this quiz